Quiz da Mauritânia - Statistics

Estatísticas Gerais
  • Esse quiz foi jogado 440 vezes
  • A pontuação média é 11 de 15
Estatísticas das Respostas
Dica Resposta % Correto
Países fazendo fronteira com a Mauritânia Mali
93%
Países fazendo fronteira com a Mauritânia Marrocos (Saara Ocidental)
93%
Países fazendo fronteira com a Mauritânia Argélia
91%
Deserto que cobre grande parte da Mauritânia Deserto do {Saara}
91%
A Mauritânia se tornou o último país do mundo a abolir legalmente isto em 1981, mas ainda é praticada hoje Escravidão
87%
Países fazendo fronteira com a Mauritânia Senegal
86%
Quase todos os mauritanos praticam esta religião Islã
85%
Língua oficial Árabe
83%
A Mauritânia fazia parte deste país antes de 1960 França
75%
Metal que responde por 45% das exportações da Mauritânia Ferro
66%
Capital Nouakchott
61%
"Mauretania" era uma província deste império, localizada mais ao norte Império {Romano}
57%
Região da África começando com M onde a Mauritânia está situada Magrebe
47%
Significado do nome Mauritânia (dica: grupo étnico) Terra dos {Mouro}s
44%
Significado do nome da capital Lugar dos {Vento}s
19%
Nenhum quiz correspondente encontrado
Distribuição das Pontuações
Porcentagem de Pessoas com Cada Pontuação
Percentil de Números Respondidos
Sua Pontuação Histórica
Você não jogou esse quiz